| 000 | 00000nam##2200000za#4500 |
| 001 | 9.624262 |
| 003 | CaOODSP |
| 005 | 20200327180227 |
| 007 | ta |
| 008 | 150406|1997||||xxc||||| f|0| 0 fre|d |
| 020 | |a0-660-95570-9 |
| 040 | |aCaOODSP|bfre |
| 043 | |an-cn--- |
| 086 | 1 |aEn49-24/1-33F |
| 110 | 1 |aCanada. |bEnvironnement Canada. |bService de la protection de l'environnement. |
| 245 | 10|aMéthode d'essai biologique: essai de survie et de croissance de l'amphipode dulcicole Hyalella azteca dans les sédiments / |cPublié par la Section de l'élaboration et de l'application des méthodes, Centre de technologie environnementale. |
| 260 | |aOttawa - Ontario : |bEnvironnement Canada. |c1997. |
| 300 | |axxii, 122p. : |bréférences, tableaux ; |c28 cm. |
| 490 | 1 |aSérie de la Protection de l'environnement. [Méthodes de référence]|vSPE 1/RM/33 |
| 563 | |aCouverture souple |
| 590 | |a98-46|b1998-11-13 |
| 691 | 07|aProtection de l'environnement|2gcpds |
| 776 | 0#|tMéthode d'essai biologique - essai de survie et de croissance de l'amphipode dulcicole Hyalella azteca dans les sédiments / |w(CaOODSP)9.606964 |
| 830 | #0|aSérie de la Protection de l'environnement. [Méthodes de référence]|vSPE 1/RM/33|w(CaOODSP)9.512983 |